[Event "Nizhnij Novgorod Dubinin Memorial 19th"]
[Site "Nizhnij Novgorod"]
[Date "2012.01.??"]
[Round "5"]
[White "Dragov, Anatoly"]
[Black "Novgorodskij, Maksim"]
[Result "1/2-1/2"]
[WhiteElo "1964"]
[BlackElo "1633"]
[PlyCount "40"]
[EventDate "2012.01.??"]
[EventType "swiss"]
[EventRounds "9"]
[EventCountry "RUS"]
[SourceTitle "EXT 2015"]
[Source "ChessBase"]
[SourceDate "2014.11.20"]
[SourceVersion "1"]
[SourceVersionDate "2014.11.20"]
[SourceQuality "1"]

1. c4 c5 2. e3 Nf6 3. Nf3 Nc6 4. d4 e6 5. Nc3 d5 6. dxc5 Bxc5 7. cxd5 exd5 8. Bb5 0-0 9. 0-0 a6 10. Bxc6 bxc6 11. Nd4 Qd6 12. h3 Ne4 13. Nce2 Rb8 14. b3 Bxd4 15. exd4 Qb4 16. Be3 Nc3 17. Nxc3 Qxc3 18. Qe2 Qa5 19. Rfc1 Qb5 20. Qf3 Re8 1/2-1/2

[Event "Nizhnij Novgorod Dubinin Memorial 19th"]
[Site "Nizhnij Novgorod"]
[Date "2012.01.??"]
[Round "7"]
[White "Popov, Nikita A"]
[Black "Novgorodskij, Maksim"]
[Result "1-0"]
[WhiteElo "1841"]
[BlackElo "1633"]
[PlyCount "39"]
[EventDate "2012.01.??"]
[EventType "swiss"]
[EventRounds "9"]
[EventCountry "RUS"]
[SourceTitle "EXT 2015"]
[Source "ChessBase"]
[SourceDate "2014.11.20"]
[SourceVersion "1"]
[SourceVersionDate "2014.11.20"]
[SourceQuality "1"]

1. d4 d5 2. Nf3 Nf6 3. c4 e6 4. Nc3 Bb4 5. e3 0-0 6. Bd3 dxc4 7. Bxc4 c5 8. 0-0 Nc6 9. a3 cxd4 10. axb4 dxc3 11. bxc3 Qc7 12. Qb3 Rd8 13. Re1 Ne5 14. Nxe5 Qxe5 15. e4 b6 16. Rd1 Bb7 17. Rxa7 Qxe4 18. f3 Qc6 19. Rxa8 Rxa8 20. Be3 1-0

[Event "Kstovo op"]
[Site "Kstovo"]
[Date "2011.09.09"]
[Round "7"]
[White "Stepanushkin, Alexander"]
[Black "Novgorodskij, Maksim"]
[Result "1-0"]
[WhiteElo "1952"]
[BlackElo "1609"]
[PlyCount "47"]
[EventDate "2011.09.03"]
[EventType "swiss"]
[EventRounds "9"]
[EventCountry "RUS"]
[SourceTitle "EXT 2014"]
[Source "ChessBase"]
[SourceDate "2013.11.20"]
[SourceVersion "1"]
[SourceVersionDate "2013.11.20"]
[SourceQuality "1"]

1. b3 d5 2. Bb2 Nf6 3. e3 e6 4. f4 c5 5. Nf3 Nc6 6. Bb5 Bd7 7. 0-0 a6 8. Be2 b5 9. a4 bxa4 10. Rxa4 Nb4 11. Ra1 a5 12. d3 a4 13. c3 Nc6 14. bxa4 Qa5 15. Qc2 Ne7 16. Bd1 Nc8 17. Ne5 Nb6 18. Nxd7 Nfxd7 19. c4 dxc4 20. dxc4 Qa6 21. Nd2 Nf6 22. e4 e5 23. Qc3 Rd8 24. a5 1-0

[Event "Kstovo op"]
[Site "Kstovo"]
[Date "2011.09.06"]
[Round "6"]
[White "Novgorodskij, Maksim"]
[Black "Sorokin, Nikolay A"]
[Result "1-0"]
[WhiteElo "1609"]
[BlackElo "1739"]
[PlyCount "33"]
[EventDate "2011.09.03"]
[EventType "swiss"]
[EventRounds "9"]
[EventCountry "RUS"]
[SourceTitle "EXT 2014"]
[Source "ChessBase"]
[SourceDate "2013.11.20"]
[SourceVersion "1"]
[SourceVersionDate "2013.11.20"]
[SourceQuality "1"]

1. e4 c5 2. d4 cxd4 3. c3 dxc3 4. Nxc3 e6 5. Nf3 a6 6. e5 Bb4 7. Nd2 Bxc3 8. bxc3 Qa5 9. Nc4 Qc7 10. Nd6+ Kf8 11. Qf3 f5 12. Ba3 Ne7 13. Qh5 Qxc3+ 14. Ke2 Qxe5+ 15. Kd2 g6 16. Qh6+ Kg8 17. Nxc8 1-0

[Event "Kstovo Chess Hopes op"]
[Site "Kstovo"]
[Date "2011.06.24"]
[Round "8"]
[White "Malyshev, Nikita"]
[Black "Novgorodskij, Maksim"]
[Result "1-0"]
[WhiteElo "1833"]
[BlackElo "1615"]
[PlyCount "55"]
[EventDate "2011.06.18"]
[EventType "swiss"]
[EventRounds "9"]
[EventCountry "RUS"]
[SourceTitle "EXT 2012"]
[Source "ChessBase"]
[SourceDate "2011.11.24"]
[SourceVersion "1"]
[SourceVersionDate "2011.11.24"]
[SourceQuality "1"]

1. d4 d5 2. c4 e6 3. Nc3 c5 4. e3 Nf6 5. Nf3 Nc6 6. cxd5 Nxd5 7. Bb5 cxd4 8. exd4 Bd7 9. 0-0 Be7 10. Bc4 Nb6 11. Bd3 0-0 12. Bf4 Bf6 13. Bc2 Bc8 14. Qd3 g6 15. Bh6 Re8 16. Rad1 Nb4 17. Qe2 Nxc2 18. Qxc2 Bd7 19. Ne5 Rc8 20. Qd3 Bc6 21. Qg3 Nd5 22. Ne4 Bg7 23. Bxg7 Kxg7 24. h4 h5 25. Ng5 f6 26. Nxe6+ Rxe6 27. Qxg6+ Kh8 28. Nf7# 1-0

[Event "Kstovo Kichigin Memorial op"]
[Site "Kstovo"]
[Date "2010.02.??"]
[Round "2"]
[White "Malyshev, Nikita"]
[Black "Novgorodskij, Maksim"]
[Result "1-0"]
[WhiteElo "1848"]
[BlackElo "1645"]
[PlyCount "61"]
[EventDate "2010.02.??"]
[EventType "swiss"]
[EventRounds "9"]
[EventCountry "RUS"]
[SourceTitle "EXT 2014"]
[Source "ChessBase"]
[SourceDate "2013.11.20"]
[SourceVersion "1"]
[SourceVersionDate "2013.11.20"]
[SourceQuality "1"]

1. d4 Nf6 2. g3 e6 3. Bg2 d5 4. Nf3 Nc6 5. 0-0 Be7 6. Bf4 0-0 7. Nc3 a6 8. Re1 Bb4 9. Qd3 Re8 10. a3 Ba5 11. Bg5 h6 12. Bxf6 Qxf6 13. e4 Bd7 14. exd5 Bxc3 15. dxc6 Bxe1 16. cxd7 Bxf2+ 17. Kxf2 Red8 18. Kg1 Rxd7 19. Ne5 Rd6 20. Rf1 Qe7 21. Bxb7 Rf8 22. Bxa6 c5 23. c3 cxd4 24. cxd4 Qa7 25. Bb5 Rxd4 26. Qe3 Rd7 27. Qxa7 Rxa7 28. a4 Rc8 29. Rd1 Rc5 30. Nc6 Rc7 31. b4 1-0

[Event "Kstovo Kichigin Memorial op"]
[Site "Kstovo"]
[Date "2010.02.??"]
[Round "9"]
[White "Novgorodskij, Maksim"]
[Black "Kulagina, Ekaterina"]
[Result "0-1"]
[WhiteElo "1645"]
[BlackElo "1736"]
[PlyCount "82"]
[EventDate "2010.02.??"]
[EventType "swiss"]
[EventRounds "9"]
[EventCountry "RUS"]
[SourceTitle "EXT 2014"]
[Source "ChessBase"]
[SourceDate "2013.11.20"]
[SourceVersion "1"]
[SourceVersionDate "2013.11.20"]
[SourceQuality "1"]

1. e4 c5 2. Nf3 Nc6 3. Bb5 d6 4. Bxc6+ bxc6 5. d3 g6 6. Nc3 Bg7 7. 0-0 Nf6 8. Bg5 0-0 9. Qd2 Rb8 10. b3 Bg4 11. Bh6 Bxf3 12. gxf3 e6 13. Bxg7 Kxg7 14. Kh1 Qc7 15. Rg1 d5 16. Qg5 h6 17. Qg3 Rfc8 18. Ne2 Nh5 19. Qg4 Kh7 20. d4 cxd4 21. Nxd4 c5 22. Ne2 Qe5 23. exd5 Qxe2 24. dxe6 Qxe6 25. Rae1 Qxg4 26. fxg4 Nf6 27. Re7 Kg7 28. Rxa7 Ra8 29. Rxa8 Rxa8 30. a4 Rc8 31. h3 Ne4 32. Kg2 Nc3 33. Kf3 c4 34. Re1 cxb3 35. cxb3 Rb8 36. a5 Nd5 37. Rb1 Nb4 38. Ke4 Ra8 39. Ra1 Re8+ 40. Kf3 Re6 41. Ra4 Na6 0-1

[Event "Nizhnij Novgorod op"]
[Site "Nizhnij Novgorod"]
[Date "2010.??.??"]
[Round "?"]
[White "Novgorodskij, Maksim"]
[Black "Pashkin, Viktor"]
[Result "0-1"]
[WhiteElo "1645"]
[BlackElo "1844"]
[PlyCount "62"]
[EventDate "2010.10.02"]
[EventType "swiss"]
[EventRounds "9"]
[EventCountry "RUS"]
[SourceTitle "EXT 2011"]
[Source "ChessBase"]
[SourceDate "2010.11.26"]
[SourceVersion "1"]
[SourceVersionDate "2010.11.26"]
[SourceQuality "1"]

1. e4 e6 2. d4 b6 3. Nc3 Bb4 4. Bd2 Bb7 5. Bd3 f5 6. Nge2 Qh4 7. g3 Qg4 8. Nf4 Qxd1+ 9. Rxd1 Bxc3 10. Bxc3 fxe4 11. Be2 Nf6 12. Bh5+ g6 13. Be2 0-0 14. 0-0 Nd5 15. Bd2 Nc6 16. c4 Nf6 17. Bc3 g5 18. Nh5 Nxh5 19. Bxh5 Ne7 20. Bb4 d6 21. c5 Nf5 22. g4 Nxd4 23. cxd6 Nf3+ 24. Kh1 cxd6 25. Rxd6 Ne5 26. Bc3 e3+ 27. Kg1 Nf3+ 28. Kg2 e2 29. Rd2 Nxd2+ 30. Kg3 Rf3+ 31. Kg2 exf1Q# 0-1